000 00778nam a2200193 4500
999 _c16286
_d16286
008 211110b ||||| |||| 00| 0 eng d
022 _a0732-8435
082 _aDPer 657.05 C33 Apr - Sept 2016, v86 n4-9
100 _aRosenthal, Corey.
_942781
245 _aNew York State and city prior net operating loss conversion:
_ban overview of a complex area in recently enacted legislative reform/
_cCorey Rosenthal, Peter Rabinowitz and Annie Yang.
260 _aNew York:
_bThe New York State Society of CPA,
_c©2016.
300 _av86 n6, pages 72-73:
_billustrations;
_c28 cm.
500 _aThe CPA Journal
650 _aIncome tax.
_943635
650 _aTaxation.
_943636
700 _aRabinowitz, P.
_eAuthor.
_943637
700 _aYang. A.
_eAuthor.
_943638
942 _2ddc
_cPER